| Tag |
First Indicator |
Second Indicator |
Subfields |
| LEADER |
00000cam a22000008a 4500 |
| 001 |
in00000410091 |
| 005 |
20151012051904.0 |
| 008 |
851211s1986 miua b 00110 eng |
| 010 |
|
|
|a 85029400
|
| 020 |
|
|
|a 0802801781
|
| 035 |
|
|
|a (OCoLC)13010033
|
| 035 |
|
|
|9 ABT8013AM
|
| 039 |
0 |
|
|a 2
|b 3
|c 3
|d 3
|e 3
|
| 040 |
|
|
|a DLC
|c DLC
|d TXA
|d UtOrBLW
|
| 049 |
|
|
|a TXAM
|c [A09344181]
|
| 050 |
0 |
0 |
|a BT695
|b .V36 1986
|
| 082 |
0 |
|
|a 231.7/65
|2 19
|
| 100 |
1 |
|
|a Van Till, Howard J.,
|d 1938-
|
| 245 |
1 |
4 |
|a The fourth day :
|b what the Bible and the heavens are telling us about the creation /
|c Howard J. Van Till.
|
| 264 |
|
1 |
|a Grand Rapids, Mich. :
|b William B. Eerdmans Pub. Co.,
|c [1986]
|
| 264 |
|
4 |
|c ©1986
|
| 300 |
|
|
|a xii, 286 pages :
|b illustrations
|
| 336 |
|
|
|a text
|b txt
|2 rdacontent
|
| 337 |
|
|
|a unmediated
|b n
|2 rdamedia
|
| 338 |
|
|
|a volume
|b nc
|2 rdacarrier
|
| 500 |
|
|
|a Includes index.
|
| 504 |
|
|
|a Bibliography: pages 273-277.
|
| 650 |
|
0 |
|a Creation.
|
| 650 |
|
0 |
|a Astronomy
|x Religious aspects
|x Christianity.
|
| 650 |
|
0 |
|a Physics
|x Religious aspects
|x Christianity.
|
| 650 |
|
0 |
|a Bible and evolution.
|
| 999 |
|
|
|a MARS
|
| 999 |
f |
f |
|s 7269646a-64e0-384d-95aa-a14bdef47179
|i 7b14abb5-10a0-3143-a663-533cb279f904
|t 0
|
| 952 |
f |
f |
|p ric
|a Texas A&M University
|b Rellis Campus
|c Joint Library Facility
|d Remote Storage
|t 0
|e BT695 .V36 1986
|h Library of Congress classification
|i unmediated -- volume
|m A14809344181
|
| 998 |
f |
f |
|a BT695 .V36 1986
|t 0
|l Remote Storage
|